MLB Top MVP, Cy Young, and ROY 2022 - Statistics

General Stats
  • This quiz has been taken 88 times
  • The average score is 33 of 40
Answer Stats
# Player Team Pos. % Correct
1 Aaron Judge NYY CF
100%
2 Shohei Ohtani LAA DH
97%
4 Shohei Ohtani LAA DH
97%
8 Mike Trout LAA CF
96%
5 José Altuve HOU 2B
94%
5 Mookie Betts LAD RF
94%
3 Yordan Álvarez HOU DH
94%
4 Freddie Freeman LAD 1B
93%
7 Julio Rodríguez SEA CF
93%
1 Julio Rodríguez SEA CF
93%
1 Paul Goldschmidt STL 1B
93%
9 Francisco Lindor NYM SS
91%
4 José Ramírez CLE 3B
91%
10 Justin Verlander HOU P
91%
1 Justin Verlander HOU P
91%
8 Pete Alonso NYM 1B
91%
2 Adley Rutschman BAL C
90%
7 J.T. Realmuto PHI C
90%
2 Manny Machado SDP 3B
90%
3 Nolan Arenado STL 3B
90%
6 Austin Riley ATL 3B
88%
10 Sandy Alcántara MIA P
88%
1 Sandy Alcántara MIA P
88%
4 Bobby Witt Jr. KCR SS
87%
2 Spencer Strider ATL P
85%
1 Michael Harris II ATL CF
81%
4 Aaron Nola PHI P
78%
5 Jeremy Peña HOU SS
78%
2 Dylan Cease CHW P
76%
5 Framber Valdez HOU P
76%
9 Xander Bogaerts BOS SS
76%
2 Max Fried ATL P
74%
3 Steven Kwan CLE LF
74%
5 Zac Gallen ARI P
72%
6 Andrés Giménez CLE 2B
68%
3 Alek Manoah TOR P
63%
3 Julio Urías LAD P
60%
3 Brendan Donovan STL 2B
44%
5 Alexis Díaz CIN P
31%
4 Jake McCarthy ARI RF
31%
No matching quizzes found
Score Distribution
Percent of People with Each Score
Percentile by Number Answered
Your Score History
You have not taken this quiz